| 000 | 00000nam##2200000za#4500 |
| 001 | 9.698278 |
| 003 | CaOODSP |
| 005 | 20241203113637 |
| 007 | cr ||||||||||| |
| 008 | 150407|2013||||xxc|||||o f|0| 0 eng|d |
| 020 | |a978-1-100-22568-5 |
| 040 | |aCaOODSP|beng |
| 043 | |an-cn--- |
| 086 | 1 |aEn4-227/1-2013E-PDF |
| 110 | 1 |aCanada. |bEnvironment Canada. |
| 245 | 10|aSalish Sea transboundary ecosystem indicators : |h[electronic resource]|bexecutive summary / |cthis project is the result of a partnership between Environment Canada and the United States Environmental Protection Agency. |
| 260 | |aGatineau - Quebec : |bEnvironment Canada |cJuly 2013. |
| 300 | |a4p.|bcoloured map, photographs |
| 590 | |a13-41|b2013-10-11 |
| 690 | 07|aEcosystems|2gcpds |
| 775 | 08|tLes indicateurs sur la santé de la mer des Salish : |w(CaOODSP)9.642290 |
| 794 | |tThe Salish Sea transboundary ecosystem indicators : |w(CaOODSP)9.900501 |
| 856 | 40|ahttp://publications.gc.ca|qPDF|s4.38 MB|uhttps://publications.gc.ca/collections/collection_2013/ec/En4-227-1-2013-eng.pdf |